| 000 | 01036nam a22002537a 4500 | ||
|---|---|---|---|
| 005 | 20170124103050.0 | ||
| 010 | _aA-983790 | ||
| 020 | _c75.00 | ||
| 035 | _aA-983790 | ||
| 037 | _bCen Lib/Ret | ||
| 040 |
_aDPL _bHN |
||
| 082 |
_aक _bसीतेश |
||
| 100 |
_aसीतेश, आलोक _9110219 |
||
| 245 |
_aनासमझ / _cसीतेश आलोक |
||
| 246 |
_aNaasamjh / _bby Sitesh Alok |
||
| 260 |
_aनई दिल्ली _bभारतीय प्रकाशन संस्थान _c1999 |
||
| 270 |
_a24/4855, अंसारी रोड दरिया गंज _bनई दिल्ली _e110002 |
||
| 300 |
_a120पृष्ठ. _c20सेमी(सजिल्द) |
||
| 650 |
_aहिंदी साहित्य _9110220 |
||
| 650 |
_aहिंदी कहानी - नैसर्गिक सम्बन्ध _970516 |
||
| 650 |
_aHindi literature _9110221 |
||
| 650 |
_ahindi story Natural relations _970518 |
||
| 942 |
_2ddc _cHN _hक _mसीतेश |
||
| 999 |
_c117170 _d117170 |
||